LEADER 01609nam0-22003851i-450- 001 990001781020403321 005 20130116124449.0 012 $ao.ie i-n- ria- "l"t (3) 1814 (A)$2fei$5ITNA0274: 094.3 B 68/1 035 $a000178102 035 $aFED01000178102 035 $a(Aleph)000178102FED01 035 $a000178102 100 $a20030910d1814----km-y0itay50------ba 101 0 $aita 102 $aIT 105 $ay-------001yy 140 $ay---y----ia------hayb-0000-- 141 $ah--f1fu-$5ITNA0274------------------------------------------------------------------- 200 1 $aLettera di Gio. Battista Gagliardo al signor cavaliere Filippo Re ... Colla quale si dimostra che le canne a zucchero furono nei secoli decimo quinto e decimo sesto coltivate nelle Calabrie 210 $aNapoli$cnella Tipografia di Angelo Trani$d1814 215 $a22, [2] p.$d8° 307 $aCors. ; rom 307 $aSegn.: a12 316 $aLegato con: Del vino modo di fabbricarlo e conservarlo e delle sue malattie; manca la coperta; tracce di umidità$5ITNA0274: 094.3 B 68/1 610 0 $aCanna da zucchero 676 $a633.61 700 1$aGagliardo,$bGiovanni Battista$071875 719 00$aTrani,$gAngelo$4650 801 0$aIT$bUNINA$gRICA$2UNIMARC 901 $aAQ 912 $a990001781020403321 952 $a60 094.3 B 68/1$b24509$fFAGBC 959 $aFAGBC 996 $aLettera di Gio. Battista Gagliardo al signor cavaliere Filippo Re ... Colla quale si dimostra che le canne a zucchero furono nei secoli decimo quinto e decimo sesto coltivate nelle Calabrie$9409298 997 $aUNINA LEADER 01374nam--2200445---450- 001 990002090470203316 005 20060427103426.0 008 001023s2000 r 000 0 eng d 010 $a0-7503-0340-9 035 $a000209047 035 $aUSA01000209047 035 $a(ALEPH)000209047USA01 035 $a000209047 040 $aRUG 100 $a20041019d--------km-y0enga50------ba 101 0 $aeng 102 $aGB 105 $ay|||z|||001yy 200 1 $aElectronic measurement systems$eTheory and practice$fAnton F. P. Van Putten 205 $a2. ed. 210 $aBristol [etc.]$bInstitute of Physics Publishing$c1996 215 $aXXV, 446 p.$d22 cm 245 10$aSha'gat Arieh. 260 $aBet Shemesh$bMa'asiahu Publishers$c2000 606 1 $aStrumenti per misure 606 1 $aMisure fisiche 676 $a681.2 700 1$aPUTTEN,$bAnton F. P.: van$0491443 801 0$aIT$bSalbc$cISBD 912 $a990002090470203316 951 $a681.2 PUT$b18157 ING.$c681.2$d00132132 951 $a681.2 PUT$b19559 Ing.$c681.2$d130265 959 $aBK 969 $aTEC 979 $aACQUISTI$b10$c20041019$lUSA01$h1002 979 $aFIORELLA$b90$c20041202$lUSA01$h1330 979 $aRENATO$b90$c20060427$lUSA01$h1032 979 $aRENATO$b90$c20060427$lUSA01$h1034 996 $aElectronic measurement systems$9331769 997 $aUNISA